Elements in Spanish Quiz Stats

 Plays Quiz Updated Apr 20, 2019

Support Sporcle.
Go Orange.
Score 0/25 Timer 03:00
0 Plays Today
% Correct
Aluminio
91.8%
Zinc
91.6%
Kriptón
91.3%
Xenón
91.3%
Uranio
90.9%
Oxígeno
90.5%
Radio
90.3%
Helio
88.7%
Neón
88.5%
Carbono
88.3%
Calcio
88.3%
Hidrógeno
88%
Nitrógeno
86.7%
% Correct
Cobre
85.5%
Sodio
85.4%
Flúor
82.6%
Níquel
82.3%
Oro
77.3%
Plomo
72.8%
Mercurio
71%
Fósforo
67.6%
Hierro
63.8%
Plata
60.2%
Estaño
56.4%
Azufre
56.1%

You're not logged in!

Compare scores with friends on all Sporcle quizzes.
OR
Log In

From the Vault

50 Hits to Click: 2001

by caramba

This playlist could probably fit on 3-4 CDs.
Remove Ads.
Support Sporcle.
Get the best of Sporcle when you Go Orange. This ad-free experience offers more features, more stats, and more fun while also helping to support Sporcle. Thank you for becoming a member.

Show Comments

Extras

Top Quizzes Today


Score Distribution

Your Account Isn't Verified!

In order to create a playlist on Sporcle, you need to verify the email address you used during registration. Go to your Sporcle Settings to finish the process.

Report this User

Report this user for behavior that violates our Community Guidelines.

Details: